000 00591nam a2200229Ia 4500
003 OSt
005 20221002052451.0
006 a|||||r|||| 00| 0
007 ta
008 220930b |||||||| |||| 00| 0 eng d
024 _a45160
037 _cReference Collections
040 _aCRL
_cCRL
_beng
041 _2eng
_aeng
082 _aQ2:23k, N9.1-.5(RR)
100 _aSantideva Ed.
245 0 _aEncyclopaedia of tantra
260 _c1999
650 _aMYSTICISM
942 _hQ2:23k, N9.1-.5(RR)
_cref
_2CC
999 _c919676
_d919676